000
00269nam a2200121Ia 4500
008
190216s9999||||xx |||||||||||||| ||und||
100
_a
Ali Moulavi
245
0
_a
Vishudha Qur`An Paribasha
260
_b
Yamuna Pub Tvm
300
_a
1370p
650
_a
Arabic
942
_c
BK
999
_c
123
_d
123